Manažérstvo environmentálnych rizík odkalísk troskopopolovej zmesi

Odkaliská na Slovensku ako zdroj environmentálnych rizík. Vymedzenie pojmu odkalisko. Príklady havárií odkalísk.

Salvato in:
Dettagli Bibliografici
Autore principale: Majerník, Milan, 1952-
Altri autori: Tkáč, Michal, 1958-, Bosák, Martin, 1967-, Andrejovský, Pavol, 1975-
Natura: Capitolo di libro
Lingua:slovacco
Soggetti:
Tags: Aggiungi Tag
Nessun Tag, puoi essere il primo ad aggiungerne!!

MARC

LEADER 00000naa a2200000 4500
001 0161516
005 20240502072812.7
041 0 |a slo 
044 |a SK 
245 1 0 |a Manažérstvo environmentálnych rizík odkalísk troskopopolovej zmesi  |c Milan Majerník, Michal Tkáč, Martin Bosák, Pavol Andrejovský 
520 |a Odkaliská na Slovensku ako zdroj environmentálnych rizík. Vymedzenie pojmu odkalisko. Príklady havárií odkalísk. 
610 2 0 |a ochrana prostredia životného 
610 2 0 |a Slovensko 
610 2 0 |a politika ekologická 
610 2 0 |a politika environmentálna 
610 2 0 |a risk management 
610 2 0 |a manažment environmentálny 
100 1 |a Majerník, Milan, 1952- 
700 1 |a Tkáč, Michal, 1958- 
700 1 |a Bosák, Martin, 1967- 
700 1 |a Andrejovský, Pavol, 1975-